The Grinch Quiz - Statistics

General Stats
  • This quiz has been taken 713 times
  • The average score is 4 of 22
Answer Stats
Hint Answer % Correct
Where do the Whos live? Who-ville
94%
What was the Grinch's dog's name? Max
66%
Who wrote the book? Dr. Suess
58%
How many times did the Grinch get stuck in the chimney? 1
43%
What was the name of the small Who who interrupted the Grinch's raid? Cindy-Lou Who
37%
What day is it? Christmas Eve
31%
What did he take the last can of? Who hash
21%
How many years had Grinch put up with Christmas? 53
9%
What did the Grinch do to the roast beast? carved
9%
In the original book, what color is the Grinch? black and white
8%
What happened to the Grinch's heart? Grew three sizes
8%
What was name of the mountain where the Grinch intended to dump everything? Mt Crumpit
6%
What did the Grinch hate besides Christmas? The Whos
6%
How many hours did the Grinch puzzle before realizing that Christmas was “something more? three
5%
What food was a prominent component of the Whos Christmas feast? Who-roast-beast
3%
How high was this mountain? 3,000 feet
2%
What did the Grinch give her? a drink
2%
What were the Whos dreaming at night? sweet dreams
2%
Name three reasons the Grinch didn't like Christmas. his head wasn't screwed on quite right. his shoes were too tight his heart was two sizes too small.
0%
What did the Grinch leave in the house? one speck of food
0%
What time did he pack up his sled? quarter past dawn
0%
What was the last thing he took? the log for their fire.
0%
No matching quizzes found
Score Distribution
Percent of People with Each Score
Percentile by Number Answered
Your Score History
You have not taken this quiz